书目信息 |
| 题名: |
CAD/CAM技术
|
|
| 作者: | 余蔚荔 主编 | |
| 分册: | ||
| 出版信息: | 北京 中国劳动出版社 2005.11 |
|
| 页数: | 190页 | |
| 开本: | 26cm | |
| 丛书名: | ||
| 单 册: | ||
| 中图分类: | TP391.7 | |
| 科图分类: | ||
| 主题词: | 计算机辅助技术 | |
| 电子资源: | ||
| ISBN: | 7-5045-5249-6 | |
| 000 | 00680nam0 2200217 450 | |
| 001 | 0834906388 | |
| 005 | 20081212105843.28 | |
| 010 | @a7-5045-5249-6@dCNY27.00 | |
| 100 | @a20081212d2005 km y0chiy0120 ea | |
| 101 | 0 | @achi |
| 102 | @aCN@b110000 | |
| 200 | 1 | @aCAD/CAM技术@ACAD/CAM ji shu@ePro/E应用实训@f余蔚荔主编@Fyu wei li zhu bian |
| 210 | @a北京@c中国劳动出版社@d2005.11 | |
| 215 | @a190页@d26cm@e光盘一张 | |
| 300 | @a国家级职业教育培训规划教材 | |
| 517 | 1 | @aPro/E应用实训@APro/E ying yong shi xun |
| 606 | 0 | @a计算机辅助技术 |
| 690 | @aTP391.7@v4 | |
| 701 | 0 | @a余蔚荔@Ayu wei li@4主编 |
| 801 | 0 | @aCN@b山东省滨州职业学院图书馆@c20081212 |
| 905 | @aBZT@dTP391.7@e1@f5 | |
| CAD/CAM技术:Pro/E应用实训/余蔚荔主编.-北京:中国劳动出版社,2005.11 |
| 190页;26cm+光盘一张 |
| 国家级职业教育培训规划教材 |
| ISBN 7-5045-5249-6:CNY27.00 |
| ● |
| 相关链接 |
|
|
|
正题名:CAD/CAM技术
索取号:TP391.7/1
 
预约/预借
| 序号 | 登录号 | 条形码 | 馆藏地/架位号 | 状态 | 备注 |
| 1 | 0690072 | 2000690072 | 样本书库/样006架B面3层2列/ [索取号:TP391.7/1] | 在馆 | |
| 2 | 0690073 | 2000690073 | 中心书库中库/ 中库026架B面5列2层26/ [索取号:TP391.7/1] | 在馆 | |
| 3 | 0690074 | 2000690074 | 中心书库中库/ 中库026架B面5列2层29/ [索取号:TP391.7/1] | 在馆 | |
| 4 | 0690075 | 2000690075 | 中心书库中库/ 中库026架B面5列2层27/ [索取号:TP391.7/1] | 在馆 | |
| 5 | 0690076 | 2000690076 | 中心书库中库/ 中库026架B面5列2层28/ [索取号:TP391.7/1] | 在馆 |